[Event "MCech mladeze 2018 - HD14"]
[Site "Harrachov"]
[Date "2018.10.28"]
[Round "2"]
[White "Brozka, Karel"]
[Black "Ocelak, Jakub"]
[Result "1-0"]
[WhiteElo "1717"]
[BlackElo "1472"]
[PlyCount "137"]
[EventDate "2018.10.27"]

1. d4 d5 2. Nf3 c6 3. Bf4 Qb6 4. Qc1 Bf5 5. e3 Nf6 6. Be2 e6 7. O-O Nbd7 8. c4
dxc4 9. Bxc4 Nd5 10. Bg3 Be7 11. Nc3 N7f6 12. Re1 Nxc3 13. bxc3 Qa5 14. Qb2 b5
15. Be2 Qa3 16. Qb3 Ne4 17. c4 Qxb3 18. axb3 Bb4 19. Rec1 Bc3 20. Ra6 b4 21.
Rxc6 Bb2 22. Rc2 Ba3 23. Rd2 Nxd2 24. Nxd2 O-O 25. e4 Bg6 26. f3 Bc1 27. Bf4 e5
28. dxe5 f5 29. g3 fxe4 30. fxe4 Bxd2 31. Bxd2 Bxe4 32. Rc7 a5 33. e6 Rfc8 34.
Rd7 Bc6 35. Rd6 Rd8 36. Bf4 Rxd6 37. Bxd6 Be8 38. Bf3 Ra6 39. c5 Bc6 40. e7 Kf7
41. Be2 Ra7 42. Bc4+ Ke8 43. Bg8 h6 44. h4 Rxe7 45. Bxe7 Kxe7 46. Kf2 Bd7 47.
Ke3 a4 48. bxa4 Bxa4 49. Kd4 Bb5 50. Bc4 Bc6 51. Be2 Kd7 52. Kc4 b3 53. Kxb3
Bd5+ 54. Bc4 Bf3 55. Kc3 Kc6 56. Kd4 Bg2 57. Bb3 Bf3 58. Ba4+ Kc7 59. Bb5 Bg2
60. Ke5 g6 61. Kf6 Be4 62. Kg7 g5 63. Kxh6 gxh4 64. gxh4 Kd8 65. Kg7 Ke7 66. h5
Ke6 67. h6 Kd5 68. c6 Kc5 69. c7 1-0

[Event "MCech mladeze 2018 - HD14"]
[Site "Harrachov"]
[Date "2018.10.28"]
[Round "2"]
[White "Machacek, Jan"]
[Black "Skypala, Ondrej"]
[Result "0-1"]
[WhiteElo "1462"]
[BlackElo "1702"]
[PlyCount "58"]
[EventDate "2018.10.27"]

1. d4 Nf6 2. c4 g6 3. Nc3 Bg7 4. e4 d6 5. f3 O-O 6. Be3 e5 7. Qd2 exd4 8. Bxd4
Nc6 9. Be3 Nd7 10. h4 Nde5 11. g4 Na5 12. b3 Qf6 13. O-O-O Nxg4 14. fxg4 Qxc3+
15. Qxc3 Bxc3 16. Be2 Re8 17. h5 Rxe4 18. Rd3 Bg7 19. hxg6 hxg6 20. Bf3 Re8 21.
Ne2 Nc6 22. Nf4 Ne5 23. Rd2 Nxf3 24. Rf2 Rxe3 25. Nd5 Ne1 26. Kd2 Rd3+ 27. Kxe1
Bxg4 28. Ne7+ Kf8 29. Nxg6+ Ke8 0-1

[Event "MCech mladeze 2018 - HD14"]
[Site "Harrachov"]
[Date "2018.10.28"]
[Round "2"]
[White "Ruzicka, Filip"]
[Black "Langmajer, Jan"]
[Result "1-0"]
[WhiteElo "1699"]
[BlackElo "1464"]
[PlyCount "55"]
[EventDate "2018.10.27"]

1. e4 c5 2. d4 cxd4 3. c3 dxc3 4. Nxc3 Nc6 5. Bc4 e6 6. Nf3 Qc7 7. Qe2 Nf6 8.
h3 d6 9. O-O a6 10. Bf4 Bd7 11. Rfd1 Be7 12. Rac1 O-O 13. e5 dxe5 14. Nxe5 Nxe5
15. Bxe5 Qc8 16. Ne4 Bc6 17. Nxf6+ Bxf6 18. Bxf6 gxf6 19. Qg4+ Kh8 20. Qh4 Rg8
21. Qxf6+ Rg7 22. Rc3 Kg8 23. Rcd3 Qf8 24. Rd8 Rxd8 25. Rxd8 Be8 26. Rc8 Kh8
27. Bxe6 Kg8 28. Bd7 1-0

[Event "MCech mladeze 2018 - HD14"]
[Site "Harrachov"]
[Date "2018.10.28"]
[Round "2"]
[White "Beran, Jakub"]
[Black "Juchelka, Marek"]
[Result "0-1"]
[WhiteElo "1663"]
[BlackElo "1453"]
[EventDate "2018.10.27"]
[PlyCount "42"]

1. e4 c5 2. Nf3 d6 3. d4 cxd4 4. Nxd4 g6 5. Nc3 Bg7 6. Bc4 Nc6 7. Be3 Nf6 8.
O-O Ng4 9. Nxc6 bxc6 10. Bd2 O-O 11. h3 Nf6 12. Be3 Bb7 13. Qd2 c5 14. Bd3 Rc8
15. f3 d5 16. exd5 Nxd5 17. Nxd5 Qxd5 18. c4 Qd6 19. Rad1 Rfd8 20. Qc2 Qe5 21.
b3 Qxe3+ 0-1

[Event "MCech mladeze 2018 - HD14"]
[Site "Harrachov"]
[Date "2018.10.28"]
[Round "2"]
[White "Nagyova, Daniela"]
[Black "Bauer, Jan"]
[Result "0-1"]
[WhiteElo "1443"]
[BlackElo "1620"]
[EventDate "2018.10.27"]
[PlyCount "30"]

1. e4 e6 2. d4 d5 3. Nc3 Bb4 4. e5 c5 5. a3 Ba5 6. b4 cxb4 7. Nb5 Nc6 8. Nd6+
Kf8 9. Qf3 Qc7 10. Nb5 Qb6 11. Nd6 f6 12. exf6 Nxf6 13. Bb2 b3+ 14. Kd1 Nxd4
15. Qf4 bxc2+ 0-1

[Event "MCech mladeze 2018 - HD14"]
[Site "Harrachov"]
[Date "2018.10.28"]
[Round "2"]
[White "Husa, Daniel"]
[Black "Hampl, David"]
[Result "1-0"]
[WhiteElo "1605"]
[BlackElo "1433"]
[EventDate "2018.10.27"]
[PlyCount "105"]

1. d4 Nf6 2. c4 g6 3. g3 Bg7 4. Bg2 d6 5. Nc3 Nbd7 6. Nf3 O-O 7. O-O e5 8. e4
b6 9. h3 a5 10. Be3 Ba6 11. b3 Re8 12. Qc2 Rc8 13. Rad1 c5 14. dxe5 Nxe5 15.
Nxe5 Rxe5 16. Bf4 Re6 17. h4 Nh5 18. Bg5 f6 19. Bh3 Re5 20. Bxc8 Qxc8 21. Bc1
Qh3 22. Qd3 Bb7 23. Nd5 Bxd5 24. exd5 f5 25. Qf3 Re4 26. Qg2 Qg4 27. f3 Bd4+
28. Rxd4 Qxg3 29. Qxg3 Nxg3 30. Rxe4 fxe4 31. Rf2 exf3 32. Bg5 Ne2+ 33. Rxe2
fxe2 34. Kf2 e1=Q+ 35. Kxe1 Kf7 36. Kf2 Ke8 37. Kf3 Kf7 38. Kf4 Kf8 39. Bd8 Ke8
40. Bxb6 a4 41. bxa4 Kd7 42. Kg5 Kc8 43. Kh6 Kb7 44. a5 Ka6 45. Kxh7 Kb7 46.
Kxg6 Kc8 47. a6 Kb8 48. h5 Kc8 49. a7 Kb7 50. h6 Ka6 51. a8=Q+ Kxb6 52. h7 Kc7
53. h8=Q 1-0

[Event "MCech mladeze 2018 - HD14"]
[Site "Harrachov"]
[Date "2018.10.28"]
[Round "2"]
[White "Cuvala, Tibor"]
[Black "Prochazka, Vojtech"]
[Result "0-1"]
[WhiteElo "1344"]
[BlackElo "1601"]
[EventDate "2018.10.27"]
[PlyCount "80"]

1. d4 d5 2. Nf3 Nf6 3. e3 e6 4. Bd3 Be7 5. Nbd2 O-O 6. O-O b6 7. e4 dxe4 8.
Nxe4 Bb7 9. Re1 Nbd7 10. c3 Rc8 11. Qc2 Nxe4 12. Bxe4 Bxe4 13. Qxe4 c5 14. Bf4
cxd4 15. Nxd4 Nc5 16. Qf3 Bd6 17. Bxd6 Qxd6 18. Rad1 Qc7 19. Nb5 Qe7 20. Nd6
Rcd8 21. Nf5 Qf6 22. Nd4 Qxf3 23. Nxf3 Na4 24. Rb1 Rfe8 25. Kf1 f6 26. Ke2 e5
27. Red1 Kf7 28. Rd2 Rxd2+ 29. Kxd2 Ke6 30. b3 Nc5 31. Re1 Kf5 32. Nd4+ Kf4 33.
Ne2+ Kg5 34. h4+ Kxh4 35. Rh1+ Kg5 36. Rxh7 Kg6 37. Rh4 Kg5 38. Rc4 Re7 39. f4+
exf4 40. Rxf4 Rxe2+ 0-1

[Event "MCech mladeze 2018 - HD14"]
[Site "Harrachov"]
[Date "2018.10.28"]
[Round "2"]
[White "Vestfal, Jan"]
[Black "Handlovsky, Jachym"]
[Result "0-1"]
[WhiteElo "1593"]
[BlackElo "1233"]
[EventDate "2018.10.27"]
[PlyCount "46"]

1. e4 e5 2. Nf3 Nc6 3. Bc4 Bc5 4. c3 Bb6 5. d3 Nf6 6. Bg5 d6 7. O-O h6 8. Bh4
g5 9. Bg3 Rg8 10. b4 h5 11. Qb3 Rg7 12. h4 Nh7 13. a4 g4 14. Ne1 a6 15. Nc2 Ng5
16. hxg5 Qxg5 17. Kh1 h4 18. Bh2 g3 19. fxg3 hxg3 20. Ne1 gxh2 21. Bxf7+ Kd8
22. Be6 Qe3 23. Nf3 Qe2 0-1

[Event "MCech mladeze 2018 - HD14"]
[Site "Harrachov"]
[Date "2018.10.28"]
[Round "2"]
[White "Jirasko, Miroslav"]
[Black "Merinsky, Vaclav"]
[Result "0-1"]
[WhiteElo "1250"]
[BlackElo "1686"]
[EventDate "2018.10.27"]
[PlyCount "133"]

1. e4 e5 2. Nf3 Nc6 3. d4 exd4 4. Bc4 Bc5 5. c3 Nf6 6. e5 d5 7. Bb5 Ne4 8. cxd4
Bb4+ 9. Bd2 Nxd2 10. Nbxd2 Bd7 11. O-O O-O 12. a3 Bxd2 13. Qxd2 Nxe5 14. Nxe5
Bxb5 15. Rfe1 f6 16. Nf3 Qd7 17. Re3 Rfe8 18. Rae1 Rxe3 19. Rxe3 Re8 20. Rxe8+
Qxe8 21. Qc3 Qc6 22. Qxc6 Bxc6 23. b4 Bb5 24. Nd2 Kf7 25. f4 Ke6 26. Kf2 b6 27.
Ke3 Kd6 28. g3 c5 29. dxc5+ bxc5 30. Nb3 cxb4 31. axb4 Bd7 32. Nd4 Kc7 33. f5
g5 34. h4 h6 35. hxg5 hxg5 36. g4 Kd6 37. Nf3 Ba4 38. Kd4 Bd1 39. Nh2 a6 40.
Nf1 Bxg4 41. Ne3 Bf3 42. Nf1 Kc6 43. Nh2 Be2 44. Ke3 Bh5 45. Kd4 g4 46. Nf1 Kb5
47. Ne3 g3 48. Kxd5 Bf3+ 49. Kd4 g2 50. Nxg2 Bxg2 51. Kc3 Be4 52. Kb3 Bxf5 53.
Kc3 Bg4 54. Kb3 f5 55. Kc3 f4 56. Kd4 Kxb4 57. Ke4 a5 58. Kxf4 a4 59. Ke3 Kb3
60. Kd2 Bf5 61. Kc1 a3 62. Kd2 a2 63. Kc1 a1=Q+ 64. Kd2 Qc3+ 65. Ke2 Qg3 66.
Kd2 Qf3 67. Ke1 0-1

[Event "MCech mladeze 2018 - HD14"]
[Site "Harrachov"]
[Date "2018.10.28"]
[Round "2"]
[White "Bednar, Milos"]
[Black "Tegda, Jindrich"]
[Result "1-0"]
[WhiteElo "1301"]
[BlackElo "1489"]
[EventDate "2018.10.27"]
[PlyCount "71"]

1. e4 e5 2. Nf3 Nc6 3. Bc4 Bc5 4. O-O Nf6 5. Nc3 O-O 6. d3 d6 7. h3 Be6 8. Bb3
h6 9. Be3 Bb6 10. Qd2 d5 11. exd5 Bxd5 12. Nxd5 Nxd5 13. Rfe1 Nxe3 14. fxe3 Re8
15. c3 e4 16. Nd4 Nxd4 17. exd4 exd3 18. Qxd3 Qd7 19. Rf1 Re7 20. Bc2 g6 21.
Bb3 Kg7 22. Qf3 c6 23. Qf6+ Kg8 24. Qxg6+ Kh8 25. Qxh6+ Kg8 26. Qg6+ Kh8 27.
Bxf7 Bxd4+ 28. cxd4 Qxd4+ 29. Kh1 Qg7 30. Qh5+ Qh7 31. Qxh7+ Kxh7 32. Rae1 Rd7
33. Rf2 Rad8 34. Ree2 Rd1+ 35. Kh2 R8d7 36. Bb3 1-0

[Event "MCech mladeze 2018 - HD14"]
[Site "Harrachov"]
[Date "2018.10.29"]
[Round "3"]
[White "Dudek, Vojtech"]
[Black "Ruzicka, Filip"]
[Result "1-0"]
[WhiteElo "2002"]
[BlackElo "1699"]
[PlyCount "47"]
[EventDate "2018.10.27"]

1. d4 Nf6 2. Bf4 g6 3. Nc3 Bg7 4. e4 d6 5. Qd2 Nbd7 6. O-O-O O-O 7. Bh6 Bxh6 8.
Qxh6 c5 9. Nf3 cxd4 10. Nxd4 a6 11. h4 Ng4 12. Qd2 h5 13. f3 Ngf6 14. g4 Nc5
15. gxh5 Nxh5 16. Rg1 e6 17. Qh6 Ng7 18. h5 Qh4 19. Rg2 Qxh5 20. Qd2 Qh4 21.
Rh2 Qe7 22. Qh6 Nh5 23. Be2 e5 24. Rxh5 1-0

[Event "MCech mladeze 2018 - HD14"]
[Site "Harrachov"]
[Date "2018.10.29"]
[Round "3"]
[White "Bauer, Jan"]
[Black "Rokos, Filip"]
[Result "0-1"]
[WhiteElo "1620"]
[BlackElo "1962"]
[PlyCount "58"]
[EventDate "2018.10.27"]

1. d4 e6 2. Nf3 Nf6 3. e3 d5 4. Bd3 Be7 5. Nbd2 O-O 6. O-O Nbd7 7. e4 dxe4 8.
Nxe4 b6 9. c3 Bb7 10. Re1 c5 11. Qc2 Rc8 12. Bg5 h6 13. Bxf6 Nxf6 14. Rad1 Qc7
15. dxc5 bxc5 16. Nxf6+ Bxf6 17. Nd2 Rfd8 18. Be4 Bd5 19. Nf3 Qb7 20. Bxd5 exd5
21. Re2 Qa6 22. b3 Bxc3 23. Qxc3 Qxe2 24. Re1 Qxa2 25. Ra1 Qe2 26. Re1 Qa6 27.
h3 d4 28. Qd2 Re8 29. Ne5 Qd6 0-1

[Event "MCech mladeze 2018 - HD14"]
[Site "Harrachov"]
[Date "2018.10.29"]
[Round "3"]
[White "Jun, Rudolf"]
[Black "Husa, Daniel"]
[Result "1-0"]
[WhiteElo "1880"]
[BlackElo "1605"]
[PlyCount "79"]
[EventDate "2018.10.27"]

1. e4 c6 2. d4 d5 3. exd5 cxd5 4. c4 Nf6 5. Nc3 Nc6 6. c5 g6 7. Nf3 Bg4 8. Be2
Bg7 9. O-O O-O 10. a3 Ne4 11. Be3 Nxc3 12. bxc3 f6 13. c4 Be6 14. Qc2 Bf7 15.
Rfd1 Rc8 16. Rab1 Qd7 17. Qb3 Na5 18. Qb5 Qc7 19. cxd5 Bxd5 20. Bd2 Nc6 21. Bc4
Bxc4 22. Qxc4+ Kh8 23. d5 Ne5 24. Nxe5 fxe5 25. Be3 Rfd8 26. Qb5 Rb8 27. a4 e4
28. Qc4 Be5 29. g3 Rbc8 30. Qxe4 Bf6 31. Qb4 Rd7 32. Qb5 Rcd8 33. Qc4 e6 34. d6
Rxd6 35. Rxd6 Rxd6 36. Qf4 Rd7 37. Qxf6+ Kg8 38. Bh6 Rf7 39. Qxe6 Qd8 40. Re1
1-0

[Event "MCech mladeze 2018 - HD14"]
[Site "Harrachov"]
[Date "2018.10.29"]
[Round "3"]
[White "Prochazka, Vojtech"]
[Black "Mach, Petr"]
[Result "1/2-1/2"]
[WhiteElo "1601"]
[BlackElo "1869"]
[PlyCount "61"]
[EventDate "2018.10.27"]

1. d4 d5 2. Nf3 Nf6 3. Bf4 c5 4. e3 Bf5 5. Bd3 Bxd3 6. Qxd3 e6 7. c3 Bd6 8.
Qb5+ Qd7 9. Qxd7+ Kxd7 10. Bxd6 Kxd6 11. O-O cxd4 12. cxd4 Nc6 13. Nc3 Ke7 14.
Rac1 Ne8 15. Ne1 Nd6 16. Nd3 Rac8 17. Rc2 Na5 18. Rfc1 Nac4 19. Ne2 Nb6 20. Nc5
Nd7 21. f3 b6 22. Nxd7 Kxd7 23. Rxc8 Rxc8 24. Rxc8 Kxc8 25. Kf2 Kd7 26. Nc3 Kc6
27. Ke2 b5 28. b3 b4 29. Na4 Nb5 30. Kd3 a5 31. g4 1/2-1/2

[Event "MCech mladeze 2018 - HD14"]
[Site "Harrachov"]
[Date "2018.10.29"]
[Round "3"]
[White "Juchelka, Marek"]
[Black "Flajsman, Petr"]
[Result "1/2-1/2"]
[WhiteElo "1453"]
[BlackElo "1751"]
[PlyCount "50"]
[EventDate "2018.10.27"]

1. e4 c5 2. Nf3 e6 3. d4 cxd4 4. Nxd4 Nf6 5. Nc3 Nc6 6. Be3 Bb4 7. Bd3 d5 8.
Bb5 Bd7 9. Bxc6 bxc6 10. exd5 cxd5 11. Bd2 e5 12. Nf3 Qc7 13. O-O Rb8 14. Re1
Bd6 15. Bg5 Be6 16. Bxf6 gxf6 17. Nxd5 Bxd5 18. Qxd5 Rxb2 19. Nd4 Qc5 20. Qe4
Kd7 21. Qf5+ Ke7 22. Qd3 Kd8 23. Nb3 Qc7 24. Rad1 Ke7 25. Nd4 Rb6 1/2-1/2

[Event "MCech mladeze 2018 - HD14"]
[Site "Harrachov"]
[Date "2018.10.29"]
[Round "3"]
[White "Handlovsky, Jachym"]
[Black "Brozka, Karel"]
[Result "0-1"]
[WhiteElo "1233"]
[BlackElo "1717"]
[PlyCount "68"]
[EventDate "2018.10.27"]

1. e4 c6 2. d4 g6 3. Nf3 Bg7 4. Bd3 d5 5. Nbd2 Bg4 6. c3 e6 7. h3 Bxf3 8. Qxf3
Nf6 9. Nb3 dxe4 10. Bxe4 Nxe4 11. Qxe4 Nd7 12. Bf4 Nf6 13. Qe3 Nd5 14. Qg3 Nxf4
15. Qxf4 O-O 16. O-O-O Qf6 17. Qxf6 Bxf6 18. Nc5 b6 19. Nd7 Bg5+ 20. Kc2 Rfd8
21. Ne5 Rac8 22. Rhe1 Bf6 23. Ng4 Bg7 24. b4 h5 25. Ne3 Kf8 26. Kb3 Rd7 27. Rd3
c5 28. Red1 cxd4 29. cxd4 Rcd8 30. Kc4 a6 31. d5 Ke7 32. dxe6 b5+ 33. Kc5 Rxd3
34. Nd5+ R8xd5+ 0-1

[Event "MCech mladeze 2018 - HD14"]
[Site "Harrachov"]
[Date "2018.10.29"]
[Round "3"]
[White "Skypala, Ondrej"]
[Black "Vaclavik, Jan"]
[Result "1-0"]
[WhiteElo "1702"]
[BlackElo "1544"]
[PlyCount "119"]
[EventDate "2018.10.27"]

1. e4 c5 2. Nf3 Nc6 3. d4 cxd4 4. Nxd4 g6 5. Be3 Bg7 6. Nc3 Nf6 7. f3 O-O 8. h4
Qb6 9. Be2 Qxb2 10. Ncb5 Qb4+ 11. c3 Qa5 12. Nb3 Qd8 13. g4 a6 14. N5d4 Qc7 15.
Rg1 Qh2 16. h5 d5 17. hxg6 hxg6 18. g5 Nh5 19. exd5 Ne5 20. Qd2 Nf4 21. Bxa6
Qxd2+ 22. Bxd2 Nxd5 23. Be2 Rd8 24. Kf2 Bf5 25. Nxf5 gxf5 26. a4 Nc6 27. Rgc1
Kh7 28. f4 e6 29. a5 Nce7 30. Ra4 Ng6 31. Bf3 Rab8 32. Kg3 e5 33. fxe5 Bxe5+
34. Kf2 Ndf4 35. Rh1+ Kg7 36. Ra2 Nd3+ 37. Ke3 Rd7 38. Be2 Re8 39. Kf3 Bc7 40.
Be3 Kg8 41. Bd4 Ndf4 42. Bb5 Rde7 43. Bxe8 Rxe8 44. Nc5 Ne6 45. Nxb7 Nxg5+ 46.
Kg2 Nf4+ 47. Kf1 Ng6 48. a6 Ne4 49. a7 Ng3+ 50. Kg2 Nxh1 51. a8=Q Nh4+ 52. Kxh1
Bb8 53. Ra1 f4 54. Qa5 Ng6 55. Qg5 Be5 56. Bxe5 Rxe5 57. Qh6 Re8 58. Nd6 Re1+
59. Rxe1 f3 60. Re8+ 1-0

[Event "MCech mladeze 2018 - HD14"]
[Site "Harrachov"]
[Date "2018.10.29"]
[Round "3"]
[White "Ret, Adam Josef"]
[Black "Soucek, Petr"]
[Result "1-0"]
[WhiteElo "1859"]
[BlackElo "1497"]
[PlyCount "115"]
[EventDate "2018.10.27"]

1. d4 Nf6 2. c4 g6 3. Nc3 d5 4. e3 Bg7 5. Nf3 O-O 6. Bd3 dxc4 7. Bxc4 c5 8. O-O
cxd4 9. Nxd4 a6 10. Qe2 Qc7 11. h3 Nc6 12. Nxc6 bxc6 13. Bd2 Rb8 14. b3 Rd8 15.
Rac1 c5 16. Rfd1 Qc6 17. e4 Bb7 18. Nd5 Qe6 19. Ba5 Rf8 20. Nxf6+ Qxf6 21. Bc3
Qc6 22. Bxg7 Kxg7 23. Bd5 Qb6 24. Qc4 Bxd5 25. Rxd5 Qa5 26. Qc3+ Qxc3 27. Rxc3
Rb4 28. f3 e6 29. Rdxc5 Rd8 30. R5c4 Rd1+ 31. Kh2 Rb5 32. Rc5 Rb4 33. R3c4 Rb5
34. Rxb5 axb5 35. Rb4 Ra1 36. Rxb5 Rxa2 37. b4 Rb2 38. Kg3 Kf6 39. Rb7 g5 40.
b5 h5 41. b6 h4+ 42. Kh2 Ke5 43. Rb8 f6 44. b7 Kf4 45. Rf8 Rxb7 46. Rxf6+ Ke5
47. Rg6 Kf4 48. Rxe6 Rb5 49. Rf6+ Ke3 50. Rf5 Rb1 51. Rxg5 Kf2 52. e5 Re1 53.
Rg4 Rxe5 54. Rxh4 Re2 55. Rg4 Kf1 56. h4 Re8 57. Kg3 Ke2 58. Re4+ 1-0

[Event "MCech mladeze 2018 - HD14"]
[Site "Harrachov"]
[Date "2018.10.29"]
[Round "3"]
[White "Merinsky, Vaclav"]
[Black "Jares, Michal"]
[Result "0-1"]
[WhiteElo "1686"]
[BlackElo "1893"]
[PlyCount "116"]
[EventDate "2018.10.27"]

1. f4 Nf6 2. Nf3 d5 3. e3 g6 4. Nc3 Bg7 5. b3 O-O 6. Bb2 c5 7. Bd3 Bg4 8. O-O
Nc6 9. Ne2 Bxf3 10. Rxf3 Nb4 11. Ng3 Rc8 12. Be2 d4 13. a3 Nc6 14. Rf1 Nd5 15.
Bf3 dxe3 16. Bxg7 Kxg7 17. Bxd5 Qxd5 18. dxe3 Rfd8 19. Qxd5 Rxd5 20. Rad1 Rcd8
21. Rxd5 Rxd5 22. Ne4 b6 23. Nc3 Rd2 24. Rf2 Rd6 25. Kf1 f5 26. g3 e5 27. Ke2
exf4 28. gxf4 a6 29. Rf1 b5 30. Na2 Kf7 31. Nc1 c4 32. bxc4 bxc4 33. Na2 Ke6
34. Nc3 h6 35. h4 Ne7 36. Rg1 Rb6 37. Kd2 Rd6+ 38. Ke2 Kf7 39. Rb1 Nd5 40. Nxd5
Rxd5 41. Rb4 c3 42. Rd4 Rb5 43. Rc4 Rb1 44. Kf2 Rh1 45. Kg3 Rg1+ 46. Kh3 Ke6
47. Rxc3 Kd5 48. Rd3+ Ke4 49. Rc3 Kf3 50. e4+ Kxe4 51. Rg3 Rxg3+ 52. Kxg3 Ke3
53. a4 a5 54. c4 Kd4 55. h5 gxh5 56. Kh4 Kxc4 57. Kxh5 Kd4 58. Kxh6 Ke3 0-1

[Event "MCech mladeze 2018 - HD14"]
[Site "Harrachov"]
[Date "2018.10.29"]
[Round "3"]
[White "Stocek, Martin"]
[Black "Kotal, Vit"]
[Result "1/2-1/2"]
[WhiteElo "1575"]
[BlackElo "1514"]
[PlyCount "91"]
[EventDate "2018.10.27"]

1. d4 Nf6 2. Bg5 g6 3. Bxf6 exf6 4. e3 Bg7 5. Nf3 d6 6. c3 Nd7 7. Nbd2 Nb6 8.
Bd3 O-O 9. Qc2 Re8 10. h4 f5 11. O-O-O a5 12. h5 Be6 13. c4 Bd7 14. hxg6 fxg6
15. c5 Nd5 16. Bc4 c6 17. cxd6 b5 18. Bxd5+ cxd5 19. Qb3 Qb6 20. Ng5 Qc6+ 21.
Kb1 h6 22. Rc1 Qxd6 23. Ngf3 a4 24. Qd3 b4 25. Rc5 Bc8 26. Qc2 Bd7 27. Ne5 b3
28. axb3 axb3 29. Nxb3 Ba4 30. Rc3 Reb8 31. Nd3 Qb6 32. Ndc5 Bf8 33. Rd1 Qa7
34. Nxa4 Qxa4 35. Kc1 Bb4 36. Rcd3 Rc8 37. Nc5 Qa1+ 38. Qb1 Qa5 39. Qc2 Bxc5
40. dxc5 Rxc5 41. Rc3 Rac8 42. Rdd3 Qa1+ 43. Qb1 Rxc3+ 44. Rxc3 Rxc3+ 45. bxc3
Qxc3+ 46. Kd1 1/2-1/2

[Event "MCech mladeze 2018 - HD14"]
[Site "Harrachov"]
[Date "2018.10.29"]
[Round "3"]
[White "Hak, David"]
[Black "Bednar, Milos"]
[Result "1-0"]
[WhiteElo "1946"]
[BlackElo "1301"]
[PlyCount "83"]
[EventDate "2018.10.27"]

1. e4 c5 2. Nf3 d6 3. d4 cxd4 4. Nxd4 Nf6 5. Nc3 Nc6 6. Be2 e5 7. Nb3 Be7 8.
O-O O-O 9. f3 Qb6+ 10. Kh1 Be6 11. Nd5 Bxd5 12. exd5 Nb4 13. c4 Na6 14. Bd2 Qc7
15. Be3 Rad8 16. a4 Nd7 17. a5 Ndc5 18. Nxc5 dxc5 19. Bd2 Bd6 20. h3 Rde8 21.
Bd3 f5 22. Qc2 Qc8 23. Rae1 h6 24. Qc1 Rf6 25. Bc3 Nb4 26. Bb1 Qc7 27. f4 Rff8
28. Bxb4 cxb4 29. fxe5 Bxe5 30. Bxf5 Bf4 31. Rxe8 Bxc1 32. Be6+ Kh7 33. Rfxf8
Bxb2 34. Bf7 g5 35. Bg8+ Kg6 36. Re6+ Kh5 37. Re4 Kg6 38. Re6+ Kh5 39. Bf7+ Kh4
40. Re4+ Kg3 41. Bh5 g4 42. Rxg4# 1-0

[Event "MCech mladeze 2018 - HD14"]
[Site "Harrachov"]
[Date "2018.10.29"]
[Round "3"]
[White "Habenicht, Martin"]
[Black "Markova, Karolina"]
[Result "1-0"]
[WhiteElo "1729"]
[BlackElo "1397"]
[PlyCount "91"]
[EventDate "2018.10.27"]

1. d4 Nf6 2. Nf3 g6 3. c4 Bg7 4. g3 d6 5. Nc3 O-O 6. Bg2 c5 7. d5 Bf5 8. Nh4
Bg4 9. O-O a6 10. a4 a5 11. Qd2 Na6 12. e4 Nb4 13. b3 Qc8 14. Re1 Bh3 15. Bh1
Nd7 16. Rb1 Ne5 17. Nb5 f5 18. exf5 Bxf5 19. Nxf5 Qxf5 20. Be4 Qf7 21. f4 Ng4
22. Bb2 Bxb2 23. Rxb2 Rac8 24. Qe2 Nf6 25. Bb1 Rfe8 26. f5 g5 27. Qe3 h6 28. h3
Nd7 29. Rf2 Ne5 30. Nc3 Rf8 31. Ne4 Qg7 32. g4 Kh8 33. Ng3 Rf7 34. Ref1 Rcf8
35. Nh5 Qg8 36. f6 exf6 37. Bf5 Re7 38. Be6 Qg6 39. Rxf6 Rxf6 40. Rxf6 Qb1+ 41.
Rf1 Qb2 42. Rf8+ Kh7 43. Qe4+ Ng6 44. Bg8+ Kh8 45. Bf7+ Kh7 46. Qxg6# 1-0

[Event "MCech mladeze 2018 - HD14"]
[Site "Harrachov"]
[Date "2018.10.29"]
[Round "3"]
[White "Pejrimovska, Viola Ruby"]
[Black "Beran, Jakub"]
[Result "0-1"]
[WhiteElo "1383"]
[BlackElo "1663"]
[EventDate "2018.10.27"]
[PlyCount "80"]

1. e4 c5 2. b4 cxb4 3. a3 e5 4. axb4 Bxb4 5. c3 Ba5 6. Ba3 Nf6 7. Nf3 Nc6 8.
Bb5 d6 9. Qe2 O-O 10. O-O Bb6 11. Bc4 Bg4 12. Qd3 Bxf3 13. Qxf3 Qc7 14. Bb3
Rfd8 15. Re1 Rac8 16. Qh3 Qd7 17. Qg3 Qg4 18. Qd3 Qf4 19. Qf3 Qxf3 20. gxf3 Nh5
21. Bc2 Nf4 22. Ra2 Ne7 23. h3 Nxh3+ 24. Kg2 Nf4+ 25. Kg3 g5 26. Rh1 Neg6 27.
Bb3 Kg7 28. Bb4 h5 29. Bd5 Rc7 30. Rf1 h4+ 31. Kh2 Nd3 32. Kg2 Ngf4+ 33. Kg1
Rcd7 34. Ra1 Ra8 35. Bc4 h3 36. Bxd3 h2+ 37. Kh1 Nxd3 38. Kg2 Nxf2 39. Rxf2
h1=Q+ 40. Kg3 Qh3+ 0-1

[Event "MCech mladeze 2018 - HD14"]
[Site "Harrachov"]
[Date "2018.10.29"]
[Round "3"]
[White "Maresova, Michaela"]
[Black "Vestfal, Jan"]
[Result "1/2-1/2"]
[WhiteElo "1327"]
[BlackElo "1593"]
[EventDate "2018.10.27"]
[PlyCount "59"]

1. c4 g6 2. Nc3 Bg7 3. d4 d6 4. g3 e5 5. dxe5 Bxe5 6. Nd5 Nd7 7. Nf3 Bg7 8. Bg2
Ngf6 9. Nxf6+ Nxf6 10. Be3 O-O 11. O-O Be6 12. b3 Qc8 13. Rc1 Bh3 14. Ng5 Bxg2
15. Kxg2 Qf5 16. Nf3 Ng4 17. Qd3 Nxe3+ 18. Qxe3 Rfe8 19. Qd2 Re4 20. Rfe1 Rae8
21. Rc2 h6 22. Qd5 Qxd5 23. cxd5 R4e7 24. e3 Kf8 25. Rec1 Rc8 26. Rc4 Ke8 27.
Kf1 Kd7 28. Ke2 c5 29. dxc6+ Rxc6 30. Rxc6 1/2-1/2

[Event "MCech mladeze 2018 - HD14"]
[Site "Harrachov"]
[Date "2018.10.29"]
[Round "3"]
[White "Matejicek, Vojtech"]
[Black "Martinkova, Magdalena"]
[Result "1/2-1/2"]
[WhiteElo "1588"]
[BlackElo "1395"]
[EventDate "2018.10.27"]
[PlyCount "74"]

1. d4 Nf6 2. c4 g6 3. Nf3 Bg7 4. Nc3 O-O 5. e3 d6 6. Be2 Nbd7 7. O-O e5 8. b3
Ne8 9. Bb2 f5 10. a4 e4 11. Nd2 Nef6 12. b4 Rf7 13. a5 Nf8 14. Re1 g5 15. b5
Ng6 16. c5 d5 17. Qb3 c6 18. a6 f4 19. Ndxe4 Nxe4 20. Nxe4 dxe4 21. Bc4 Nh8 22.
b6 f3 23. axb7 Bxb7 24. Rxa7 Qd7 25. Be6 Qe7 26. Rea1 Rb8 27. R1a4 Qf6 28. Qa2
fxg2 29. Bxf7+ Nxf7 30. Ra8 Bxa8 31. Rxa8 Rxa8 32. Qxa8+ Bf8 33. b7 Qf3 34.
b8=Q Qd1+ 35. Kxg2 Qf3+ 36. Kf1 Qd1+ 37. Kg2 Qf3+ 1/2-1/2

[Event "MCech mladeze 2018 - HD14"]
[Site "Harrachov"]
[Date "2018.10.29"]
[Round "3"]
[White "Tvaroh, Vitezslav"]
[Black "Papousek, Michal"]
[Result "0-1"]
[WhiteElo "1307"]
[BlackElo "1587"]
[EventDate "2018.10.27"]
[PlyCount "40"]

1. e4 d5 2. exd5 Qxd5 3. Nc3 Qa5 4. Bc4 Nf6 5. d3 c6 6. Bd2 Qc7 7. Nf3 Bg4 8.
h3 Bh5 9. O-O Nbd7 10. d4 O-O-O 11. Be2 e6 12. Ne1 Bg6 13. Nd3 Bd6 14. b4 Bxd3
15. Bxd3 Bxb4 16. Rb1 Be7 17. Rxb7 Kxb7 18. Qe2 Ka8 19. Qf3 Nb6 20. Nb5 Qb7 0-1

[Event "MCech mladeze 2018 - HD14"]
[Site "Harrachov"]
[Date "2018.10.29"]
[Round "3"]
[White "Semova, Lada"]
[Black "Pulpan, Ondrej"]
[Result "1/2-1/2"]
[WhiteElo "1300"]
[BlackElo "1571"]
[EventDate "2018.10.27"]
[PlyCount "109"]

1. e4 c5 2. Nc3 Nc6 3. Bc4 Nf6 4. f4 d6 5. d3 g6 6. Nf3 Bg7 7. O-O O-O 8. Qe1
Na5 9. e5 dxe5 10. fxe5 Ne8 11. Qh4 Nxc4 12. Qxc4 b6 13. Ng5 Nc7 14. Nxf7 Qd4+
15. Qxd4 cxd4 16. Nh6+ Bxh6 17. Bxh6 Rxf1+ 18. Rxf1 Bf5 19. Ne2 Rd8 20. h3 a5
21. g4 Bc8 22. Nxd4 Ne6 23. Nc6 Re8 24. Na7 Bd7 25. c4 Nc7 26. d4 b5 27. cxb5
Nxb5 28. Nxb5 Bxb5 29. Rf2 Rc8 30. Kg2 Bc6+ 31. Kg3 Bd5 32. a3 a4 33. Kf4 Kf7
34. Kg5+ Ke6 35. h4 Bb3 36. h5 Rg8 37. Rd2 gxh5+ 38. Kxh5 Bd5 39. Kh4 Bf3 40.
Bg5 Bd5 41. Rc2 Rb8 42. Kh5 Be4 43. Re2 Bd3 44. Re3 Bg6+ 45. Kh6 Rxb2 46. Rc3
Kf7 47. Rf3+ Ke6 48. Kg7 Rb3 49. Rxb3 axb3 50. Bc1 Kd5 51. Bb2 e6 52. Kf6 Bd3
53. Kg5 Kc4 54. Kf6 Kd5 55. Kg7 1/2-1/2